My first counting book / (Record no. 2185)

MARC details
000 -LEADER
fixed length control field 01008cam a22003251 4500
001 - CONTROL NUMBER
control field 2185
003 - CONTROL NUMBER IDENTIFIER
control field FISKH
005 - DATE AND TIME OF LATEST TRANSACTION
control field 20250724110746.0
008 - FIXED-LENGTH DATA ELEMENTS--GENERAL INFORMATION
fixed length control field 790511s1956 xx a 000 0 eng
010 ## - LIBRARY OF CONGRESS CONTROL NUMBER
LC control number 56013805
020 ## - INTERNATIONAL STANDARD BOOK NUMBER
International Standard Book Number 033500987717
020 ## - INTERNATIONAL STANDARD BOOK NUMBER
International Standard Book Number 033500713002
040 ## - CATALOGING SOURCE
Original cataloging agency DLC
Transcribing agency MoU
Modifying agency DLC
Language of cataloging eng
050 00 - LIBRARY OF CONGRESS CALL NUMBER
Classification number PZ8.3.M7835
Item number My
082 ## - DEWEY DECIMAL CLASSIFICATION NUMBER
Classification number 513.2
100 1# - MAIN ENTRY--PERSONAL NAME
Personal name Moore, Lilian.
245 10 - TITLE STATEMENT
Title My first counting book /
Statement of responsibility, etc. By Lilian Moore ; Pictures by Garth Williams.
260 ## - PUBLICATION, DISTRIBUTION, ETC.
Place of publication, distribution, etc. Racine :
Name of publisher, distributor, etc. Golden Book ;
Date of publication, distribution, etc. 1956.
300 ## - PHYSICAL DESCRIPTION
Extent 24 unnumbered pages :
Other physical details color illustrations ;
Dimensions 21 cm
490 0# - SERIES STATEMENT
Series statement A little Golden book
505 ## - FORMATTED CONTENTS NOTE
Formatted contents note O<br/>
520 ## - SUMMARY, ETC.
Summary, etc. A counting book in rhyme introduces the reader to various animals and the numbers one through ten.
521 8# - TARGET AUDIENCE NOTE
Target audience note 600<br/>
Source Lexile estimate<br/>
521 8# - TARGET AUDIENCE NOTE
Target audience note O<br/>
Source Raz-Plus<br/>
650 #1 - SUBJECT ADDED ENTRY--TOPICAL TERM
Topical term or geographic name entry element Stories in rhyme.
650 #1 - SUBJECT ADDED ENTRY--TOPICAL TERM
Topical term or geographic name entry element Animals
Form subdivision Fiction.
650 #1 - SUBJECT ADDED ENTRY--TOPICAL TERM
Topical term or geographic name entry element Counting.
906 ## - LOCAL DATA ELEMENT F, LDF (RLIN)
a 7
b cbc
c oclcrpl
d u
e ncip
f 19
g y-gencatlg
942 ## - ADDED ENTRY ELEMENTS (KOHA)
Source of classification or shelving scheme Dewey Decimal Classification
Koha item type Books
Suppress in OPAC No
Holdings
Withdrawn status Lost status Source of classification or shelving scheme Damaged status Not for loan Collection Home library Current library Shelving location Date acquired Total Checkouts Full call number Barcode Date last seen Date last checked out Copy number Price effective from Koha item type
    Dewey Decimal Classification     Juvenile Fiction Footprints International School Library Network Toul Kork Campus Footprints International School Library Network Toul Kork Campus TK Primary Library Room(4th Floor), Bookcase 3&4, Shelves 17-32, Yellow Books 11/08/2023 1 MOO 513.2 PZ8.M7835 FISBK00173 03/22/2024 02/02/2024 1 11/08/2023 Books
    Dewey Decimal Classification     Juvenile Fiction Footprints International School Library Network Toul Kork Campus Footprints International School Library Network Toul Kork Campus TK Primary Library Room(4th Floor), Bookcase 3&4, Shelves 17-32, Yellow Books 07/24/2025   MOO 513.2 PZ8.M7835 FISBK00171 07/24/2025   2 07/24/2025 Books
    Dewey Decimal Classification     Juvenile Fiction Footprints International School Library Network Toul Kork Campus Footprints International School Library Network Toul Kork Campus TK Primary Library Room(4th Floor), Bookcase 3&4, Shelves 17-32, Yellow Books 08/21/2025   MOO 513.2 PZ8.M7835 FISBK07050 08/21/2025   3 08/21/2025 Books